Leyton Orient Trivia - Statistics

General Stats
  • This quiz has been taken 7 times
  • The average score is 7 of 16
Answer Stats
Question Answer % Correct
What is Leyton Orient’s nickname? The {Os}
100%
What is the name of Leyton Orient’s stadium? BetWright Stadium
86%
Who began his career at Leyton Orient, from 1974 to 1977, prior to a trailblazing career with West Bromwich Albion, Real Madrid and England? Laurie Cunningham
71%
Who is the current captain of Leyton Orient? Omar Beckles
71%
Who is the current head coach of Leyton Orient? Richie Wellens
71%
From 1898 until 1946, Leyton Orient was known by what name? Clapton Orient
57%
Which Leyton Orient manager tragically passed away just over a month after guiding the club back to the Football League as National League champions in 2019? Justin Edinburgh
57%
What specific type of dragon, thought to reflect Leyton Orient’s ties to the City of London and symbolising the River Thames, features on the club’s badge? Wyvern
57%
Which Scotsman is Leyton Orient’s record goalscorer with 121? Tommy Johnston
43%
With which club does Leyton Orient contest the A13 Derby? Southend United
29%
Who are Leyton Orient’s record sales, joining Fulham in 2006 and Brentford in 2014, respectively, for £1m? Gabriel Zakuani
14%
Who is Leyton Orient’s record signing, arriving from Oldham Athletic for £200k in 2016? Liam Kelly
14%
Who are Leyton Orient’s record sales, joining Fulham in 2006 and Brentford in 2014, respectively, for £1m? Moses Odubajo
14%
Who finished as Leyton Orient’s leading goalscorer both in their promotion-winning 1961/62 campaign and during their only season in the top flight? Dave Dunmore
0%
Who scored both goals as Leyton Orient beat Bury 2-0 to win promotion to the First Division in 1962, for the first - and only - time in their history? Malcolm Graham
0%
Which Englishman is Leyton Orient’s record appearance-maker with 491? Peter Allen
0%
No matching quizzes found
Score Distribution
Percent of People with Each Score
Percentile by Number Answered
Your Score History
You have not taken this quiz